Car Parts - Sudden Death - Statistics

General Stats
  • This quiz has been taken 86,197 times
    85,543 since last reset
  • The average score is 11 of 20
Answers on the Grid
Answers color-coded by a green-red scale on the quiz's grid according to % correct below.
Airshaft
Alternator
Battery
Bessemer chamber
Brake pad
Calculon
Camshaft
Carburetor
Catalytic converter
Chassis
Crankshaft
Dappling
Differential
Fender
Fluid belt
Flux capacitor
Glockenspiel
Grease drum
Head gasket
Key grip
Muffler
Oil filter
Piston
Radiator
Refill tube
Rudder
Serpentine belt
Slipjoint
Spark plug
Thimble ring
Thresher
Timing belt
Transmission
Tuning key
Warp spindle
Windshield
 
Answer Stats
Answer % Correct
Battery
86%
Brake pad
78%
Alternator
73%
Chassis
63%
Catalytic converter
61%
Carburetor
60%
Oil filter
60%
Fender
57%
Transmission
55%
Piston
54%
Radiator
54%
Muffler
53%
Windshield
53%
Crankshaft
52%
Spark plug
52%
Camshaft
46%
Differential
46%
Head gasket
40%
Timing belt
34%
Serpentine belt
20%
No matching quizzes found
Score Distribution
Percent of People with Each Score
Percentile by Number Answered
Your Score History
You have not taken this quiz since the last reset